000
00453nam a2200181Ia 4500
008
151202s9999||||xx |||||||||||||| ||und||
082
_b
PNVM-26222
100
_a
नांगरे ब
245
_a
दैव रेखा.
260
_b
---
260
_c
0
300
_a
0
600
_a
नांगरे ब
630
_a
दैव रेखा.
700
_a
नांगरे ब
730
_a
दैव रेखा.
942
_c
BOOK
999
_c
1292191
_d
1292188